000 00645cam a22002171 4500
001 sa 64009183
003 DLC
005 20260227112059.0
008 850416s1961 io f000 0 ind
010 _asa 64009183
035 _a(OCoLC)11927008
040 _aDLC
_cIDeKN
_dDLC
042 _apremarc
043 _aa-io---
050 0 0 _aDS644
_b.2 1961.S93
100 0 _aSoekarno,
_d1901-1970.
245 1 0 _aIngatlah kepada amanat penderitaan rakjat :
_bwedjangan pada rapat raksasa di Medan tanggal 30 Djuli 1961.
260 _aDjakarta :
_bDepartemen Penerangan,
_c1961.
300 _a20 p. ;
_c23 cm.
440 0 _aPenerbitan chusus ;
_v117
999 _c61297
_d61297